A national labor policy

Guardat en:
Dades bibliogràfiques
Autor principal: Metz, Harold W.
Format: Llibre
Idioma:Undetermined
Publicat: Washington, D.C. The Brookings Institution 1947
Matèries:
Etiquetes: Afegir etiqueta
Sense etiquetes, Sigues el primer a etiquetar aquest registre!
Thư viện lưu trữ: Trung tâm Học liệu Trường Đại học Cần Thơ
LEADER 00550nam a2200181Ia 4500
001 CTU_79245
008 210402s9999 xx 000 0 und d
082 |a 331 
082 |b M596 
100 |a Metz, Harold W. 
245 2 |a A national labor policy 
245 0 |c Harold W. Metz, Meyer Jacobstein 
260 |a Washington, D.C. 
260 |b The Brookings Institution 
260 |c 1947 
650 |a Industrial relations,Labor laws and legislation 
650 |z United States,United States 
980 |a Trung tâm Học liệu Trường Đại học Cần Thơ